000 00414nam a2200181Ia 4500
001 2469
005 20250626025140.0
008 211022s9999 xx 000 0 und d
020 _a1856278506
082 _a751.494 BRE
100 _aBreckon, Brett
245 0 _aIntroducting to Airbrusing and Photo Retouching
260 _aLondon
260 _bGrange Books
260 _c1987
300 _a129
942 _cBK
999 _c2100
_d2100